Cricket General Knowledge #3 - Statistics

General Stats
  • This quiz has been taken 34 times
  • The average score is 6 of 15
Answer Stats
Questions Answer % Correct
Where was cricket originated? England
97%
How many players can be run-out at a time? 1
77%
How many runs is a ton? 100
73%
How many umpires are there in a match? 3
70%
Is it legal to stop play if animals come on the field? Yes
67%
What is one of the most common reasons to pause a game? Rain
57%
What is the name of a ball that doesn't bounce? Full Toss
53%
Who was the World Cup-Winning Captain? Eoin Morgan
43%
Which team did not win a single match in the last CWC? Afghanistan
30%
How many runs does Sachin have in T20I? 10
17%
Who did Kieron Pollard hit his 6 sixes against? Akila Dananjaya
13%
When was the first recorded game? 1646
7%
When were helmets introduced? 1978
7%
How long was the longest match? 14 Days
3%
How many wickets does Sanath Jayasuriya have? 323
3%
No matching quizzes found
Score Distribution
Percent of People with Each Score
Percentile by Number Answered
Your Score History
You have not taken this quiz